[Event "GER-ch Net Amateur Gr-B Vor1"]
[Site "Playchess.com INT"]
[Date "2020.04.14"]
[Round "3"]
[White "Reinke, Martin"]
[Black "Romakin, Anatolij"]
[Result "1-0"]
[WhiteElo "1538"]
[BlackElo "1620"]
[PlyCount "65"]
[EventDate "2020.04.14"]
[EventType "swiss (blitz)"]
[EventRounds "9"]
[EventCountry "GER"]
[SourceTitle "EXT 2021"]
[Source "ChessBase"]
[SourceDate "2020.10.23"]
[SourceVersion "1"]
[SourceVersionDate "2020.10.23"]
[SourceQuality "1"]

1. d4 Nf6 2. Nd2 g6 3. e4 d6 4. Ngf3 Bg7 5. c3 0-0 6. Bd3 Nbd7 7. 0-0 c5 8. h3 e5 9. d5 a6 10. c4 Rb8 11. b3 b5 12. Bb2 bxc4 13. Nxc4 Nb6 14. Ne3 Bd7 15. Qe2 Bb5 16. Rab1 Nxe4 17. Bxb5 axb5 18. Ng4 Nf6 19. Rfc1 Nbxd5 20. Rd1 Nf4 21. Qe3 N6d5 22. Qd2 f5 23. Ne3 Nxe3 24. fxe3 Ne6 25. Qxd6 Qxd6 26. Rxd6 Rfe8 27. Nxe5 c4 28. Nc6 Rb7 29. Bxg7 Nxg7 30. Kf2 Re6 31. Rd8+ Kf7 32. Nd4 Re4 33. bxc4 1-0

[Event "GER-ch Net Amateur Gr-B Vor1"]
[Site "Playchess.com INT"]
[Date "2020.04.14"]
[Round "6"]
[White "Romakin, Anatolij"]
[Black "Fuhrmann, Bahne"]
[Result "1-0"]
[WhiteElo "1620"]
[BlackElo "1612"]
[PlyCount "65"]
[EventDate "2020.04.14"]
[EventType "swiss (blitz)"]
[EventRounds "9"]
[EventCountry "GER"]
[SourceTitle "EXT 2021"]
[Source "ChessBase"]
[SourceDate "2020.10.23"]
[SourceVersion "1"]
[SourceVersionDate "2020.10.23"]
[SourceQuality "1"]

1. e4 e5 2. Nf3 Nc6 3. Bc4 Bc5 4. c3 Nf6 5. b4 Bb6 6. d3 d6 7. h3 h6 8. 0-0 g5 9. Be3 g4 10. hxg4 Bxg4 11. Nbd2 Ne7 12. Qb3 Bh5 13. Bxb6 axb6 14. d4 b5 15. Bxb5+ c6 16. Bd3 exd4 17. cxd4 Rg8 18. Nh4 Qd7 19. Nf5 Nxf5 20. exf5 d5 21. Rfe1+ Kd8 22. b5 Kc7 23. b6+ Kd8 24. a4 Bg4 25. Qc2 Bh3 26. g3 h5 27. Nf3 Bg4 28. Ne5 Qc8 29. Nxf7+ Kd7 30. Ne5+ Kd8 31. Qd2 Bxf5 32. Nf7+ Kd7 33. Bxf5# 1-0

[Event "Hannover Bezirk-ch B"]
[Site "Lehrte"]
[Date "2017.10.29"]
[Round "4.2"]
[White "Romakin, Anatolij"]
[Black "Jaekel, Michael"]
[Result "0-1"]
[WhiteElo "1728"]
[BlackElo "1692"]
[PlyCount "78"]
[EventDate "2017.10.28"]
[EventType "swiss"]
[EventRounds "7"]
[EventCountry "GER"]
[SourceTitle "EXT 2022"]
[Source "ChessBase"]
[SourceDate "2021.10.06"]
[SourceVersion "1"]
[SourceVersionDate "2021.10.06"]
[SourceQuality "1"]

1. e4 d5 2. exd5 Qxd5 3. d4 e5 4. Nc3 Bb4 5. a3 Bxc3+ 6. bxc3 Nc6 7. Be3 Nf6 8. c4 Qe4 9. d5 Nd4 10. Rc1 Bf5 11. Kd2 Ng4 12. Nf3 Nxe3 13. fxe3 Nxf3+ 14. gxf3 Qh4 15. e4 Bg6 16. Rb1 Qf4+ 17. Kc3 b6 18. Qe2 Bh5 19. Bg2 0-0 20. Qd2 Qh4 21. Rbf1 f5 22. f4 fxe4 23. fxe5 Rxf1 24. Rxf1 Qxh2 25. e6 e3 26. Qxe3 Qxg2 27. Qf4 Bg6 28. Rf2 Qe4 29. Qd2 Rf8 30. Re2 Qf3+ 31. Re3 Qf6+ 32. Kb3 Qe7 33. Qe1 a5 34. Kb2 Rf4 35. Qe2 Qf6+ 36. Kb3 Rf2 37. Qe1 Rxc2 38. Re5 a4+ 39. Kxa4 Rb2 0-1

[Event "Hannover Bezirk-ch B"]
[Site "Lehrte"]
[Date "2017.10.28"]
[Round "2.3"]
[White "Romakin, Anatolij"]
[Black "Nietsch, Felix"]
[Result "1-0"]
[WhiteElo "1728"]
[BlackElo "1576"]
[PlyCount "103"]
[EventDate "2017.10.28"]
[EventType "swiss"]
[EventRounds "7"]
[EventCountry "GER"]
[SourceTitle "EXT 2022"]
[Source "ChessBase"]
[SourceDate "2021.10.06"]
[SourceVersion "1"]
[SourceVersionDate "2021.10.06"]
[SourceQuality "1"]

1. e4 e6 2. Nc3 d5 3. d4 dxe4 4. Nxe4 Nd7 5. Nf3 Ngf6 6. Ng3 Be7 7. Bd3 b6 8. 0-0 Bb7 9. h3 0-0 10. Qe2 c5 11. c3 cxd4 12. Nxd4 Nc5 13. Bb1 Qd5 14. Nf3 Ba6 15. Qd1 Bxf1 16. Qxf1 Rad8 17. Bc2 Nce4 18. Nxe4 Nxe4 19. Qe2 Nf6 20. Bg5 h6 21. Bf4 Qb7 22. Nd4 Bc5 23. Nb3 Bd6 24. Bd2 Rfe8 25. Nd4 Bc5 26. Nb3 a5 27. Nxc5 bxc5 28. Be3 c4 29. Rb1 Nd5 30. Qf3 Qb5 31. Bc1 Qc5 32. Qe4 f5 33. Qe5 Qd6 34. Qe2 Nf4 35. Qxc4 Nd3 36. Be3 Ne5 37. Qa4 Nc6 38. Bb6 Rc8 39. Rd1 Qe5 40. Be3 Qb8 41. Qh4 Qc7 42. Ba4 Qe7 43. Qh5 Kh7 44. g4 g5 45. f4 gxf4 46. Bxf4 Qg7 47. Bxc6 Red8 48. Rxd8 Rxd8 49. Kh2 e5 50. Qxf5+ Kh8 51. Bxe5 Rd2+ 52. Bg2 1-0

[Event "Daehne Cup Region 16/17 qual II"]
[Site "Bissendorf"]
[Date "2017.05.13"]
[Round "2"]
[White "Romakin, Anatolij"]
[Black "Frese, Immo"]
[Result "1/2-1/2"]
[WhiteElo "1753"]
[BlackElo "1625"]
[PlyCount "98"]
[EventDate "2017.05.12"]
[EventType "k.o."]
[EventRounds "4"]
[EventCountry "GER"]
[SourceTitle "EXT 2022"]
[Source "ChessBase"]
[SourceDate "2021.10.06"]
[SourceVersion "1"]
[SourceVersionDate "2021.10.06"]
[SourceQuality "1"]

1. e4 d5 2. Nf3 dxe4 3. Ng5 Nf6 4. Qe2 Nbd7 5. Nc3 b6 6. Ngxe4 Bb7 7. d3 e6 8. g3 Be7 9. Bg2 Rb8 10. 0-0 0-0 11. Rd1 Nd5 12. a3 N7f6 13. Nxd5 exd5 14. Nxf6+ Bxf6 15. d4 Re8 16. Qf1 Bc8 17. Be3 Bf5 18. Rac1 Qd7 19. c4 c6 20. cxd5 cxd5 21. Rc3 Rbc8 22. Rdc1 Be4 23. Qa6 Rxc3 24. Rxc3 Bxg2 25. Kxg2 h6 26. Qd3 Rc8 27. Qc2 Rxc3 28. Qxc3 Qe7 29. Qc8+ Qd8 30. Qb7 a5 31. Qc6 Bg5 32. Kf3 Qf6+ 33. Qxf6 Bxf6 34. Ke2 Kf8 35. a4 Ke8 36. Kd3 Kd7 37. Bd2 Be7 38. f3 Kc6 39. b3 Bd6 40. Ke3 Kd7 41. Be1 Ke6 42. Kd3 Kd7 43. f4 h5 44. Ke3 f5 45. Kf3 Ke6 46. h3 g6 47. g4 Be7 48. g5 Bd6 49. Bd2 Be7 1/2-1/2

[Event "Hannover-chB"]
[Site "Lehrte"]
[Date "2016.10.03"]
[Round "5"]
[White "Mesic, Reuf"]
[Black "Romakin, Anatolij"]
[Result "0-1"]
[WhiteElo "1643"]
[BlackElo "1724"]
[PlyCount "191"]
[EventDate "2016.10.01"]
[EventType "swiss"]
[EventRounds "7"]
[EventCountry "GER"]
[SourceTitle "EXT 2020"]
[Source "ChessBase"]
[SourceDate "2019.10.17"]
[SourceVersion "1"]
[SourceVersionDate "2019.10.17"]
[SourceQuality "1"]

1. e4 Nf6 2. e5 Nd5 3. d4 d6 4. Nf3 Bg4 5. Be2 e6 6. a3 Be7 7. Bd2 Nc6 8. exd6 cxd6 9. Nc3 Nb6 10. Be3 d5 11. Bb5 0-0 12. Bxc6 bxc6 13. h3 Bf5 14. Ne5 Rc8 15. 0-0 Nd7 16. Nxd7 Qxd7 17. Na4 Qb7 18. b3 Rfd8 19. Qd2 Bg6 20. Rfc1 f6 21. Qa5 Bd6 22. Nc5 Qe7 23. Qa6 Bxc5 24. dxc5 d4 25. Bd2 Qxc5 26. Re1 Qxc2 27. Ba5 Re8 28. Rac1 Qxb3 29. Rxc6 Rxc6 30. Qxc6 e5 31. Qd6 Qe6 32. Qc5 Qd7 33. Bb4 Rc8 34. Qa5 Qc7 35. Qa4 Be8 36. Qa6 Bg6 37. f3 Bf7 38. Bd2 Bc4 39. Qa4 Qb7 40. Rc1 Qa6 41. Qb4 h6 42. Rb1 Bd3 43. Rb2 Qc6 44. Qe7 Qc7 45. Qe6+ Kh7 46. g3 Qc6 47. Qg4 f5 48. Qh5 Qg6 49. Qh4 Rc2 50. Rxc2 Bxc2 51. Kf2 Qf6 52. Qh5 Qe6 53. g4 fxg4 54. hxg4 Bg6 55. Qh2 e4 56. fxe4 Qxe4 57. Qg3 d3 58. Be3 Qa4 59. Qf4 Qxa3 60. Bd2 a5 61. Qd4 Qa2 62. Ke3 a4 63. Bc3 Qe6+ 64. Kf2 Qf6+ 65. Qxf6 gxf6 66. Bxf6 a3 67. Ke3 a2 68. Kd2 Kg8 69. Kc1 Be4 70. Bd4 Kf7 71. Bc3 Bf3 72. Kb2 a1Q+ 73. Kxa1 Bxg4 74. Kb1 h5 75. Kc1 h4 76. Kd2 Be2 77. Ke1 Kg6 78. Kf2 Kf5 79. Kg2 Bg4 80. Kf2 Ke4 81. Ba5 Kd4 82. Bd2 Kc4 83. Bf4 Kc3 84. Ke1 Kc2 85. Kf2 d2 86. Bxd2 Kxd2 87. Kg2 Ke3 88. Kg1 Kf3 89. Kh2 Bf5 90. Kg1 Kg3 91. Kf1 h3 92. Ke2 h2 93. Ke3 h1Q 94. Kd4 Qe4+ 95. Kc5 Qd3 96. Kc6 0-1

[Event "Daehne Cup Region 15/16 IV"]
[Site "Isernhagen"]
[Date "2016.05.28"]
[Round "2"]
[White "Elsner, Robert"]
[Black "Romakin, Anatolij"]
[Result "0-1"]
[WhiteElo "1129"]
[BlackElo "1727"]
[PlyCount "77"]
[EventDate "2016.05.28"]
[EventType "k.o."]
[EventCountry "GER"]
[SourceTitle "EXT 2022"]
[Source "ChessBase"]
[SourceDate "2021.10.06"]
[SourceVersion "1"]
[SourceVersionDate "2021.10.06"]
[SourceQuality "1"]

1. d4 Nf6 2. Nf3 d5 3. c4 c6 4. Bg5 g6 5. e3 Bg7 6. Nc3 h6 7. Bxf6 Bxf6 8. Be2 dxc4 9. Bxc4 0-0 10. 0-0 Nd7 11. Re1 Nb6 12. Bb3 Nd5 13. e4 Nxc3 14. bxc3 Qa5 15. Rc1 Bg7 16. h3 Rd8 17. Qd2 e6 18. Red1 Bd7 19. c4 Qxd2 20. Rxd2 a5 21. d5 b6 22. Rcd1 e5 23. Rf1 h5 24. Nh2 f5 25. f3 Bh6 26. Re2 f4 27. Rb1 Bf8 28. Bc2 Bd6 29. Bd3 Kf7 30. Kh1 Rg8 31. Rg1 g5 32. Rf2 Rac8 33. g4 fxg3 34. Rxg3 h4 35. Rg1 Bxh3 36. Be2 Bf8 37. Bd3 Be7 38. Bf1 Bd7 39. Ng4 0-1

[Event "Daehne Cup Region 15/16 IV"]
[Site "Isernhagen"]
[Date "2016.05.28"]
[Round "1"]
[White "Romakin, Anatolij"]
[Black "Burger, Jarl"]
[Result "1-0"]
[WhiteElo "1727"]
[BlackElo "1263"]
[PlyCount "65"]
[EventDate "2016.05.28"]
[EventType "k.o."]
[EventCountry "GER"]
[SourceTitle "EXT 2022"]
[Source "ChessBase"]
[SourceDate "2021.10.06"]
[SourceVersion "1"]
[SourceVersionDate "2021.10.06"]
[SourceQuality "1"]

1. e4 e6 2. d4 d5 3. exd5 exd5 4. Nf3 Nf6 5. Be2 Bd6 6. 0-0 0-0 7. Bg5 Bg4 8. Nbd2 Re8 9. Re1 Nbd7 10. c3 c5 11. dxc5 Bxc5 12. Nb3 Qc7 13. Nxc5 Qxc5 14. h3 Bh5 15. Be3 Qd6 16. Qb3 b6 17. Rad1 Nc5 18. Qa3 Re6 19. c4 Nce4 20. Qb3 Rd8 21. cxd5 Nxd5 22. g4 Bg6 23. Bc4 Nef6 24. g5 Bh5 25. Kg2 Bxf3+ 26. Kxf3 Re5 27. gxf6 Qxf6+ 28. Kg3 Qg6+ 29. Kh2 Qe6 30. f4 Rh5 31. Bf2 Qd6 32. Bxd5 Rxd5 33. Rxd5 1-0

[Event "Hannover-chB"]
[Site "Lehrte"]
[Date "2014.10.27"]
[Round "5"]
[White "Romakin, Anatolij"]
[Black "Hanemann, Henno"]
[Result "1-0"]
[WhiteElo "1780"]
[BlackElo "1706"]
[PlyCount "101"]
[EventDate "2014.10.25"]
[EventType "tourn"]
[EventRounds "7"]
[EventCountry "GER"]
[SourceTitle "EXT 2021"]
[Source "ChessBase"]
[SourceDate "2020.10.23"]
[SourceVersion "1"]
[SourceVersionDate "2020.10.23"]
[SourceQuality "1"]

1. e4 e5 2. Nf3 d6 3. d4 Nf6 4. dxe5 Nxe4 5. Qd5 Nc5 6. exd6 Qxd6 7. Bc4 Qxd5 8. Bxd5 c6 9. Bc4 Be6 10. Be2 Bd6 11. 0-0 0-0 12. Rd1 Bc7 13. Be3 Nbd7 14. Nd4 Rfd8 15. b4 Ne4 16. Nxe6 fxe6 17. a4 Bb6 18. Bc4 Kf7 19. Re1 Nd6 20. Bxe6+ Kf8 21. Bf4 Nf6 22. a5 Bc7 23. Nc3 Nb5 24. Bxc7 Nxc7 25. Bb3 Ncd5 26. Na2 Rd6 27. g3 Rad8 28. Re2 b6 29. Rae1 b5 30. Kg2 g5 31. Re5 h6 32. h3 Kg7 33. Nc1 Nxb4 34. Re7+ Kh8 35. Rxa7 R6d7 36. Re7 Rxa7 37. Rxa7 Rd7 38. Ra8+ Kg7 39. a6 c5 40. c4 bxc4 41. Bxc4 Nc6 42. Bb5 Rc7 43. Nd3 Na7 44. Nxc5 Kf7 45. Bd3 Nc8 46. Ne4 Ne8 47. Rb8 Ke7 48. Rb7 Kd8 49. Bb5 Ncd6 50. Nxd6 Nxd6 51. a7 1-0

[Event "Hannover-chB"]
[Site "Lehrte"]
[Date "2014.10.25"]
[Round "1"]
[White "Romakin, Anatolij"]
[Black "Frese, Immo"]
[Result "1-0"]
[WhiteElo "1780"]
[BlackElo "1609"]
[PlyCount "117"]
[EventDate "2014.10.25"]
[EventType "tourn"]
[EventRounds "7"]
[EventCountry "GER"]
[SourceTitle "EXT 2021"]
[Source "ChessBase"]
[SourceDate "2020.10.23"]
[SourceVersion "1"]
[SourceVersionDate "2020.10.23"]
[SourceQuality "1"]

1. e4 e6 2. Nf3 d5 3. exd5 exd5 4. d4 Bf5 5. Be2 Nf6 6. 0-0 Be7 7. Re1 0-0 8. h3 h6 9. Nbd2 Nbd7 10. Nf1 c6 11. Ng3 Bh7 12. a3 Ne4 13. Nxe4 Bxe4 14. Nd2 Bh7 15. Nf1 Bd6 16. c4 Nf6 17. c5 Bc7 18. Bd3 Bxd3 19. Qxd3 Qd7 20. Re2 Rfe8 21. Be3 Re7 22. b4 a6 23. a4 Ne4 24. Rae1 Rae8 25. Bd2 Re6 26. g4 R8e7 27. Kg2 Qe8 28. Be3 Qd7 29. f3 Nf6 30. f4 Re8 31. Kf3 Ne4 32. f5 Rf6 33. Bf2 g6 34. Bh4 Ng5+ 35. Bxg5 Rxe2 36. Qxe2 hxg5 37. Qe8+ Qxe8 38. Rxe8+ Kg7 39. Re7 Bf4 40. Ne3 Bxe3 41. Kxe3 gxf5 42. gxf5 Rh6 43. Rxb7 Rxh3+ 44. Kf2 Rd3 45. Rb6 Rxd4 46. Rxc6 Rxb4 47. Rxa6 Rc4 48. Kf3 Rxc5 49. Kg4 f6 50. Kh5 d4 51. Ra7+ Kf8 52. Kg6 Rd5 53. Kxf6 Ke8 54. Ke6 Rd8 55. f6 Kf8 56. Rf7+ Kg8 57. Rg7+ Kf8 58. Rxg5 d3 59. f7 1-0

[Event "Daehne Cup Region Hannover VI"]
[Site "Isernhagen"]
[Date "2014.07.11"]
[Round "1"]
[White "Romakin, Anatolij"]
[Black "Gaedeken, Arne"]
[Result "1-0"]
[WhiteElo "1794"]
[BlackElo "998"]
[PlyCount "49"]
[EventDate "2014.07.11"]
[EventType "k.o."]
[EventRounds "3"]
[EventCountry "GER"]
[SourceTitle "EXT 2022"]
[Source "ChessBase"]
[SourceDate "2021.10.06"]
[SourceVersion "1"]
[SourceVersionDate "2021.10.06"]
[SourceQuality "1"]

1. e4 e5 2. Nf3 Nc6 3. Bb5 Nf6 4. 0-0 Nxe4 5. Re1 d5 6. Nxe5 Bd6 7. Nxc6 Qh4 8. g3 Qf6 9. f3 a6 10. fxe4 axb5 11. e5 Bc5+ 12. d4 Qxc6 13. dxc5 Qxc5+ 14. Be3 Qc6 15. Nc3 Be6 16. Qd4 Qd7 17. Qc5 c6 18. a4 Qe7 19. axb5 Qxc5 20. Rxa8+ Kd7 21. Bxc5 Rxa8 22. bxc6+ bxc6 23. Rd1 Rb8 24. Ba3 Bg4 25. Rd2 1-0